000 00414 a2200145 4500
999 _c5731
_d5731
020 _a8122411736
050 _aSB 123 VIJ 1998
100 _aVijendra, Das L. D
_eAuthor
245 _aPlant breeding /
_cL. D. Vijendra Das
264 _aNew Delhi:
_bNew Age International Limited Publishers,
_c1998
300 _a334p. :
_bill.
500 _aIncludes index
650 _aPlant breeding
942 _2lcc
_cBK
_h123
_iVIJ
_kSB